[Event "XXVII. Abierto de Sevilla"]
[Site "?"]
[Date "2002.01.17"]
[Round "7"]
[White "Candela Perez, J."]
[Black "Campora Sivori, D."]
[Result "1/2-1/2"]
[WhiteElo "2399"]
[BlackElo "2542"]
[PlyCount "120"]
[EventDate "1996.??.??"]

1. d4 Nf6 2. c4 e6 3. Nc3 Bb4 4. Qc2 d5 5. a3 Bxc3+ 6. Qxc3 Nc6 7. e3 O-O 8.
Nf3 Qe7 9. b4 a6 10. Bb2 Bd7 11. Nd2 Rfe8 12. Be2 e5 13. dxe5 Nxe5 14. cxd5
Nxd5 15. Qd4 Nf6 16. Nf3 Ng6 17. O-O Bc6 18. Nh4 Rad8 19. Nxg6 hxg6 20. Qc3 Bb5
21. Rfe1 Bxe2 22. Rxe2 Qd7 23. f3 Qd3 24. Qxd3 Rxd3 25. Kf2 Nd5 26. e4 Nf4 27.
Rc2 c6 28. g3 Ne6 29. Re1 Nd4 30. Bxd4 Rxd4 31. Ke3 Red8 32. Rc3 Kf8 33. Re2
Ke7 34. Rb2 Rd1 35. a4 Re1+ 36. Kf4 Ra1 37. b5 Rxa4 38. bxc6 b5 39. Rc5 f6 40.
Rbc2 Rc8 41. Rd5 Rc4 42. Rxc4 bxc4 43. Rc5 Kd6 44. Rxc4 Rxc6 45. Ra4 Kc5 46.
Ra1 Kb6 47. Rb1+ Ka7 48. Ra1 Rc5 49. Ke3 a5 50. Kd4 Kb6 51. f4 Rc2 52. Kd5 Rxh2
53. e5 g5 54. Kd6 Rd2+ 55. Ke7 gxf4 56. gxf4 fxe5 57. fxe5 Kb5 58. e6 a4 59.
Kf7 Re2 60. e7 60... Kb4 { } 1/2-1/2

[Event "XXVII. Abierto de Sevilla"]
[Site "?"]
[Date "2002.01.17"]
[Round "7"]
[White "Komljenovic, D."]
[Black "Tissir, M."]
[Result "1-0"]
[WhiteElo "2505"]
[BlackElo "2368"]
[PlyCount "91"]
[EventDate "1996.??.??"]

1. d4 Nf6 2. Nf3 g6 3. c4 Bg7 4. g3 O-O 5. Bg2 d6 6. O-O Nbd7 7. Nc3 e5 8. h3
Re8 9. e4 a6 10. Re1 exd4 11. Nxd4 Rb8 12. a4 Ne5 13. b3 Nfd7 14. Be3 Nc5 15.
Re2 Ne6 16. Rd2 Nc6 17. Nde2 b6 18. f4 Bb7 19. e5 Qc8 20. exd6 cxd6 21. Ne4 Nc5
22. Nxd6 Qe6 23. Bxc5 23... bxc5 { } 24. Rc1 (24. Raa2 Re7 25. Nxb7 Rbxb7 26.
Bxc6 Qxc6 27. Rd8+ 27... Bf8 $14) 24... Rbd8 25. Rcc2 Rxd6 26. Rxd6 Bd4+ 27.
Qxd4 cxd4 28. Rxe6 Rxe6 29. Rd2 $18 29... Re3 30. Kf2 Na5 31. Nxd4 Rc3 32. Bxb7
Nxb7 33. Rc2 Rd3 34. Nf3 Rxb3 35. c5 Rb4 36. c6 Nd6 37. c7 Rxa4 38. Ne5 Kg7 39.
c8=Q Nxc8 40. Rxc8 Ra2+ 41. Kf3 Ra3+ 42. Kg4 f6 43. Rc7+ Kg8 44. Nd7 Kg7 45.
Nb6+ Kh6 46. h4 1-0

[Event "XXVII. Abierto de Sevilla"]
[Site "?"]
[Date "2002.01.17"]
[Round "7"]
[White "Durao, J."]
[Black "Giese, R."]
[Result "1-0"]
[WhiteElo "2150"]
[BlackElo "2000"]
[PlyCount "123"]
[EventDate "1996.??.??"]

1. c4 c6 2. e4 d5 3. exd5 cxd5 4. d4 Nf6 5. Nc3 e6 6. Nf3 Be7 7. Bf4 O-O 8. c5
Nc6 9. Bb5 Ne4 10. Bxc6 bxc6 11. Qa4 Nxc3 12. bxc3 Bb7 13. O-O Qc8 14. Rfe1 Ba6
15. Rab1 Bd3 16. Rb2 Qa6 17. Qd1 Be4 18. Qb3 Bxf3 19. gxf3 Qd3 20. Kg2 Bf6 21.
Qc2 Qa6 22. Reb1 { } 22... e5 $2 23. dxe5 Be7 24. Rb7 Bxc5 25. e6 Bb6 26. Rxf7
Rxf7 27. exf7+ Kxf7 28. Qf5+ Kg8 29. Qe6+ Kh8 30. Qxc6 Rd8 31. Re1 Qc8 32. Qxc8
Rxc8 33. Re7 Kg8 34. Be5 g6 35. Rg7+ Kf8 36. Rxh7 Rc4 37. Rg7 Ra4 38. Rxg6 Rxa2
39. h4 Rxf2+ 40. Kg3 Rf1 41. Rd6 Rd1 42. h5 Bc7 43. Rf6+ Ke7 44. f4 Bxe5 45.
fxe5 Rd3+ 46. Rf3 Rd1 47. Kg4 Rg1+ 48. Rg3 Rh1 49. Rh3 Rg1+ 50. Kf4 Rf1+ 51.
Ke3 Rf7 52. Rf3 Rh7 53. Rf5 Ke6 54. Kf4 Rc7 55. Rf6+ Ke7 56. h6 Rxc3 57. Ra6
Rh3 58. h7 d4 59. Kf5 Rh5+ 60. Kg6 Rh1 61. Kg7 d3 62. h8=Q 1-0

[Event "XXVII. Abierto de Sevilla"]
[Site "?"]
[Date "2002.01.18"]
[Round "8"]
[White "Cifuentes Parada, R."]
[Black "Hamdouchi, H."]
[Result "1/2-1/2"]
[WhiteElo "2521"]
[BlackElo "2522"]
[PlyCount "41"]
[EventDate "1996.??.??"]

1. Nf3 Nf6 2. c4 e6 3. Nc3 Bb4 4. Qc2 O-O 5. a3 Bxc3 6. Qxc3 b6 7. b4 Bb7 8.
Bb2 d6 9. g3 Nbd7 10. Bg2 c5 11. O-O Qe7 12. d3 Rfe8 13. Rfe1 d5 14. cxd5 Bxd5
15. bxc5 Nxc5 16. Qb4 Rac8 17. Rac1 Bb7 18. Qh4 Nd5 19. Qg4 Nf6 20. Qh4 Nd5 21.
Qg4 { } 1/2-1/2

[Event "XXVII. Abierto de Sevilla"]
[Site "?"]
[Date "2002.01.18"]
[Round "8"]
[White "Epishin, V."]
[Black "Matamoros Franco, C."]
[Result "1-0"]
[WhiteElo "2599"]
[BlackElo "2456"]
[PlyCount "78"]
[EventDate "1996.??.??"]

1. d4 Nf6 2. c4 c5 3. d5 b5 4. cxb5 a6 5. bxa6 g6 6. Nc3 Bxa6 7. g3 d6 8. Bg2
Nbd7 9. Nf3 Nb6 10. O-O Bg7 11. Re1 O-O 12. e4 Nfd7 13. h4 Nc4 14. Bf1 (14. Re2
Qa5 15. Rc2 Rfb8 16. Rb1 Bxc3 17. Rxc3 Qxc3 18. bxc3 Rxb1 19. Bf1 Nde5 20. Nxe5
Nxe5 21. Qc2 Rb6 22. f4 Bxf1 23. fxe5 Bc4 24. exd6 exd6 25. a3 Rab8 26. Kf2 Rb1
27. g4 Ra1 28. Kg3 Rbb1 29. Be3 Re1 30. Qb2 Rxe3+ 31. Kf4 Rae1 32. Qb8+ Kg7 33.
Qxd6 Rxe4+ 34. Kf3 R1e3+ 35. Kf2 35... Rxc3 {
0-1 Bazant,P-Sergeev,V/CZE 1998/EXT 99 (35).}) 14... Qa5 15. Bxc4 Bxc4 16. Bd2
Qa6 17. Bf4 e5 18. dxe6 fxe6 19. Rc1 Rae8 20. b3 e5 21. Bd2 Bd3 22. Nd5 Bxe4
23. Rxe4 Qd3 24. Nc3 (24. Be3 Qxd1+ 25. Rxd1 Rxf3 26. Ra4 $16) 24... Qxf3 25.
Be3 Qf5 (25... Re6 $14) 26. Qxd6 { } 26... Nf6 $6 (26... Rf7) 27. Qd3 $6 (27.
Rc4 $18) 27... Rc8 $6 (27... Nxe4) 28. Rd1 $6 (28. Nd5 $18) 28... Nxe4 29. Nxe4
c4 30. bxc4 h6 31. Bb6 Kh7 32. a4 Ra8 33. a5 Qg4 34. Re1 Rf3 35. Qd5 Raf8 36.
a6 Ra3 37. a7 (37. Bc5) 37... Ra2 38. Bc5 Rc8 39. Qb7 Re8 (39... Qe6 40. Nf6+
Kh8 41. Rxe5 $18) 1-0

[Event "XXVII. Abierto de Sevilla"]
[Site "?"]
[Date "2002.01.18"]
[Round "8"]
[White "Rustemov, A."]
[Black "Komljenovic, D."]
[Result "0-1"]
[WhiteElo "2607"]
[BlackElo "2505"]
[PlyCount "90"]
[EventDate "1996.??.??"]

1. d4 Nf6 2. Nf3 g6 3. c4 Bg7 4. g3 O-O 5. Bg2 d6 6. Nc3 Nc6 7. O-O a6 8. b3
Rb8 9. Nd5 Nh5 10. Bb2 e6 11. Nc3 b5 12. d5 Ne7 13. dxe6 Bxe6 14. cxb5 axb5 15.
Qc2 Bf5 (15... Nf6 16. Rac1 16... Bf5 {
-  Rustemov,A-Motylev,A/Samara 2000/CBM 78 (16).}) 16. e4 Bg4 17. Rfe1 Re8 18.
h3 Bxf3 19. Bxf3 b4 20. Na4 Bxb2 21. Nxb2 Ng7 22. Rad1 Rb6 23. Na4 Rb5 24. Be2
Ra5 25. Bc4 Ne6 26. f4 Qb8 27. Kh2 c6 28. Bxe6 fxe6 29. Qc4 d5 30. Qd4 Kf7 31.
Rd2 h5 32. Ree2 $6 (32. h4) (32. Nc5) 32... h4 $1 $15 33. gxh4 $6 (33. Rd3)
33... Qxf4+ 34. Kg2 34... Kg8 $6 (34... Qxh4 35. Qxb4 Rb5 36. Qd4 dxe4 37. Rxe4
Rg5+ 38. Rg4 38... Nf5 $17) 35. Nc5 35... e5 { } 36. Qxb4 (36. Ne6 Qxe4+ 37.
Qxe4 dxe4 38. Rxe4 38... Nf5 $15) 36... Nf5 37. Nd7 (37. Qxa5 Nxh4+ 38. Kh1
Qf1+ 39. Kh2 Nf3+ 40. Kg3 40... Ng1 $19) 37... Nxh4+ 38. Kh1 Qf1+ 39. Kh2 Nf3+
40. Kg3 Nxd2 41. Qxd2 Qf4+ (41... Kg7) 42. Qxf4 exf4+ 43. Kxf4 Re7 44. Ne5 $2 (
44. Nb8 Re6 45. a4 $17) 44... g5+ $19 45. Kf5 d4 0-1

[Event "XXVII. Abierto de Sevilla"]
[Site "?"]
[Date "2002.01.18"]
[Round "8"]
[White "Cabrera, A."]
[Black "Spraggett, K."]
[Result "1/2-1/2"]
[WhiteElo "2440"]
[BlackElo "2541"]
[PlyCount "87"]
[EventDate "1996.??.??"]

1. e4 c5 2. Nc3 e6 3. Nf3 a6 4. g3 Nc6 5. Bg2 d6 6. O-O Nf6 7. d4 cxd4 8. Nxd4
Bd7 9. a4 Be7 10. Nxc6 Bxc6 11. a5 O-O 12. Be3 Rc8 13. Qe2 Qc7 14. Rfd1 Rfe8
15. h3 Nd7 16. Rd2 Bf8 17. Qc4 Qb8 18. Qa2 h6 19. Re1 Be7 20. Na4 Bxa4 21. Qxa4
b5 22. axb6 Nxb6 23. Bxb6 Qxb6 24. c3 Rc6 25. Bf3 Rec8 26. Ra1 Bg5 27. Re2 Bd8
28. Kg2 g6 29. h4 h5 30. Rd2 a5 31. Rad1 Be7 32. Ra1 Rc5 33. Qd4 Qc7 34. Qa4
Rb8 35. Be2 Bf6 36. Rad1 Rc6 37. Bb5 Rcb6 38. c4 R6b7 39. Rxd6 Bxb2 40. R1d3
Ra7 41. Rd7 Qc5 42. Qd1 Rxd7 43. Rxd7 Bf6 44. Qd6 { } 1/2-1/2

[Event "XXVII. Abierto de Sevilla"]
[Site "?"]
[Date "2002.01.18"]
[Round "8"]
[White "Oliva Del Amo, A."]
[Black "Lalic, B."]
[Result "0-1"]
[WhiteElo "2091"]
[BlackElo "2523"]
[PlyCount "90"]
[EventDate "1996.??.??"]

1. b3 e5 2. Bb2 d6 3. g3 Nc6 4. Bg2 g6 5. c4 Bg7 6. Nc3 f5 7. e3 Nf6 8. Nge2
Ne7 9. d4 e4 10. Nf4 O-O 11. Rc1 c6 12. O-O g5 13. Nh5 Nxh5 14. Qxh5 Ng6 15.
Ba3 Re8 16. Ne2 Be6 17. h4 $6 (17. f4) 17... gxh4 18. Nf4 (18. d5) 18... Nxf4
19. gxf4 19... c5 $17 20. Bb2 cxd4 21. Bxd4 Bxd4 22. exd4 Qf6 23. Kh2 Bf7 24.
Qe2 Qxd4 25. Rcd1 Qf6 26. Bh3 Kf8 27. Rg1 h6 28. Rd2 Rac8 29. Qe3 29... b5 $6 (
29... b6) 30. Rgd1 Red8 31. cxb5 d5 32. Qxa7 $15 32... Rc3 33. Qa3+ (33. Qd4)
33... Ke8 34. Qa6 Qxa6 35. bxa6 Ra8 36. Bxf5 36... Rxa6 { } 37. Bxe4 $6 (37.
Bh3 $17) 37... dxe4 38. Rd8+ Ke7 39. R1d7+ Ke6 40. Rd4 $6 (40. f5+ Ke5 41. Rxf7
Rxa2 42. Kg1 42... Rxb3 $19) 40... Kf5 $19 41. Rf8 Rf6 42. Kg2 Kg6 43. Ra8 Rxf4
44. Rd2 h3+ 45. Kh2 Rg4 0-1

[Event "XXVII. Abierto de Sevilla"]
[Site "?"]
[Date "2002.01.18"]
[Round "8"]
[White "Campora Sivori, D."]
[Black "Martin  Vazquez, J.M."]
[Result "1-0"]
[WhiteElo "2542"]
[BlackElo "2194"]
[PlyCount "103"]
[EventDate "1996.??.??"]

1. e4 e5 2. Nf3 Nf6 3. Nc3 Nc6 4. Bb5 Bb4 5. O-O O-O 6. d3 d6 7. Ne2 Bg4 8. c3
Ba5 9. Ng3 Ne7 10. h3 Bd7 11. Bc4 c6 12. Bb3 Ng6 13. d4 Bc7 14. Re1 h6 15. Bc2
Be6 16. Qe2 Qd7 17. c4 Qc8 18. d5 Bd7 19. a4 a5 20. Be3 c5 21. Bc1 Re8 22. Ra3
Bd8 23. Nf5 Be7 24. Nxe7+ Rxe7 25. Kh2 Nh5 26. Ng1 Nhf4 27. Qf1 Re8 28. g3 Nh5
29. Rae3 Rf8 30. Bd1 Nf6 31. f4 Kh7 32. f5 Ne7 33. g4 Rh8 34. Rg3 Ne8 35. h4
Kg8 36. Kg2 f6 37. g5 (37. Nf3) 37... hxg5 38. hxg5 fxg5 39. Nf3 g4 40. Rxg4
Nf6 (40... Nxf5 $2 41. exf5 Bxf5 42. Ng5 Nf6 43. Rg3) 41. Rg5 $2 (41. Rh4 Rxh4
42. Nxh4 $14) 41... Nxe4 $1 42. Rxe4 Bxf5 43. Qe1 Bxe4 44. Qxe4 Qh3+ 45. Kf2
Rf8 46. Ke1 Nf5 47. Rg1 Nd4 48. Nxd4 cxd4 49. Bg4 Qh4+ 50. Kd1 { } 50... Rf2 $2
(50... Rh7 51. Be6+ Kh8) 51. Qg6 Qf6 52. Qe8+ 1-0

[Event "XXVII. Abierto de Sevilla"]
[Site "?"]
[Date "2002.01.18"]
[Round "8"]
[White "Garrido Dominguez, J."]
[Black "Garcia Luque, A."]
[Result "0-1"]
[WhiteElo "2142"]
[BlackElo "2425"]
[PlyCount "98"]
[EventDate "1996.??.??"]

1. e4 c6 2. d4 d5 3. exd5 cxd5 4. Bd3 Nc6 5. Nf3 Bg4 6. c3 e6 7. Bf4 Qb6 8. Qb3
Qxb3 9. axb3 Bxf3 10. gxf3 Nf6 11. Na3 Nh5 12. Bd2 Bd6 13. b4 a6 14. Nc2 Kd7
15. O-O-O Rac8 16. Kb1 g6 17. Na1 Bf4 18. Be3 Ke7 19. Nb3 b6 20. Nd2 Rc7 21.
Nf1 Bd6 22. Ng3 Nf4 23. Bxf4 Bxf4 24. h4 h5 25. Ne2 Bd6 26. f4 Kf8 27. Rh3 b5
28. Rc1 Ra7 29. Rf3 Be7 30. Rh3 30... Bf6 { } 31. f5 exf5 32. Nf4 Ne7 33. Bc2
a5 34. bxa5 Rxa5 35. b4 Ra6 36. Kb2 Bg7 37. Rd1 Rd6 38. Ra1 Bh6 39. Nd3 Nc8 40.
Ne5 Nb6 41. Bb3 Kg7 42. Rg3 Re8 43. Re1 Rde6 44. Rgg1 Bf4 45. Nd3 Re2+ 46. Bc2
Nc4+ 47. Kb3 Rxe1 48. Nxe1 Bd2 49. Nf3 Ra8 0-1

[Event "XXVII. Abierto de Sevilla"]
[Site "?"]
[Date "2002.01.18"]
[Round "8"]
[White "Durao, J."]
[Black "Candela Perez, J."]
[Result "0-1"]
[WhiteElo "2150"]
[BlackElo "2399"]
[PlyCount "38"]
[EventDate "1996.??.??"]

1. e4 e5 2. Nf3 Nc6 3. Bc4 Nf6 4. Ng5 d5 5. exd5 Na5 6. Bb5+ c6 7. dxc6 bxc6 8.
Qf3 Bb7 9. Bd3 Be7 10. c3 O-O 11. b4 c5 12. Ne4 cxb4 13. Nxf6+ Bxf6 14. Be4 Qb6
15. cxb4 Nc6 16. Qf5 Rfc8 17. b5 g6 18. Qxc8+ $2 (18. Qxf6 18... Nd4 $17) 18...
Rxc8 19. bxc6 Bxc6 0-1

[Event "XXVII. Abierto de Sevilla"]
[Site "?"]
[Date "2002.01.18"]
[Round "8"]
[White "Ponferrada Luque, V.M."]
[Black "Rodriguez Guerrero, E."]
[Result "0-1"]
[WhiteElo "1965"]
[BlackElo "2309"]
[PlyCount "54"]
[EventDate "1996.??.??"]

1. d4 Nf6 2. c4 c5 3. Nf3 cxd4 4. Nxd4 e5 5. Nb5 d5 6. cxd5 Bc5 7. e3 O-O 8.
Bc4 e4 9. Nd2 a6 10. Nc3 b5 11. Be2 Qe7 12. Nb3 Bb6 13. a4 b4 14. a5 Bc7 15.
Na4 Nbd7 16. Qd4 Be5 17. d6 17... Bxd6 $15 18. Bd2 Bb7 19. Rc1 Rfc8 20. O-O h5
21. Rfe1 Ng4 22. h3 Nge5 23. Nb6 Nxb6 24. Qxb6 Nf3+ 25. Bxf3 exf3 26. Nd4 $2 (
26. g3 $15) 26... Qg5 $19 27. g4 Qe5 0-1

[Event "XXVII. Abierto de Sevilla"]
[Site "?"]
[Date "2002.01.18"]
[Round "8"]
[White "Calvo, J.M."]
[Black "Castillo Gomez, J."]
[Result "1-0"]
[WhiteElo "2285"]
[BlackElo "2124"]
[PlyCount "67"]
[EventDate "1996.??.??"]

1. d4 d5 2. c4 e6 3. g3 Nf6 4. Bg2 Nbd7 5. Nf3 Be7 6. O-O c6 7. Qc2 O-O 8. b3
Ne4 9. Ba3 Bxa3 10. Nxa3 Qe7 11. Qb2 Rd8 12. Nc2 b6 13. Nce1 Bb7 14. cxd5 exd5
15. Nd3 a5 16. Rac1 g6 17. Nfe5 Nxe5 18. Nxe5 { } 18... Rd6 $6 (18... c5) 19.
Bxe4 dxe4 20. Nc4 Re6 21. Nxb6 Rd8 22. Nc4 Rd5 23. Qc3 Qd8 24. b4 axb4 25. Qxb4
Ba6 26. e3 h5 27. a4 c5 28. dxc5 Qc7 29. Nb6 Rf5 30. Rfd1 Be2 31. Rd2 Rxb6 32.
Qxb6 Qxb6 33. cxb6 Ba6 34. Rb2 1-0

[Event "XXVII. Abierto de Sevilla"]
[Site "?"]
[Date "2002.01.18"]
[Round "8"]
[White "Valencia Gomez, J."]
[Black "Salazar Reyes, J."]
[Result "0-1"]
[WhiteElo "1350"]
[BlackElo "2275"]
[PlyCount "42"]
[EventDate "1996.??.??"]

1. e4 c5 2. Nf3 Nc6 3. d4 cxd4 4. Nxd4 Nf6 5. Nc3 e5 6. Ndb5 d6 7. Bg5 a6 8.
Bxf6 gxf6 9. Na3 f5 10. Bc4 Qg5 11. g3 Nd4 12. Nd5 (12. f4 Qd8 13. Qh5 Qd7 14.
Nd5 Bg7 15. Nb6 Qc7 16. Nxa8 Qa5+ 17. c3 O-O 18. O-O-O b5 19. Bd5 b4 20. Nc4
Qxa2 21. cxd4 Be6 22. Nab6 exd4 23. Qf3 fxe4 24. Qxe4 d3 25. Rxd3 b3 26. Rd4
Bxd5 27. Nxd5 Bxd4 28. Qxd4 {
1-0 Grigore,N-Steponavicius,S/Rimavska Sobota 1992/EXT 97 (28).}) 12... fxe4
13. Nc7+ Kd8 14. h4 (14. Nxa8 Bg4 15. Qc1 15... Qh5 $19) 14... Qg6 15. Nxa8 $2
(15. h5 $18 15... Qg5 16. Nxa8 Bg4 17. Qc1 Nf3+ 18. Kf1) 15... Bg4 { } 16. Bxf7
$2 (16. h5 Qf5 17. Qc1 b5 18. c3 Nf3+ 19. Kf1 Bh3+ 20. Ke2 bxc4 21. Qe3 $13)
16... Qf5 $19 17. Qc1 Qf3 18. Qe3 Qxh1+ 19. Kd2 Qxa1 20. Qg5+ Be7 21. Qxg4 Qxb2
(21... Qxb2 22. Qxe4 22... Rf8 $19) 0-1

[Event "XXVII. Abierto de Sevilla"]
[Site "?"]
[Date "2002.01.18"]
[Round "8"]
[White "Teran Alvarez, I."]
[Black "Gomez Trigo, J."]
[Result "1/2-1/2"]
[WhiteElo "2392"]
[BlackElo "2044"]
[PlyCount "49"]
[EventDate "1996.??.??"]

1. Nf3 d5 2. c4 d4 3. b4 f6 4. e3 e5 5. a3 c5 6. bxc5 Nc6 7. e4 Bxc5 8. d3 Nge7
9. Be2 Be6 10. Nbd2 Ng6 11. Nb3 Bd6 12. O-O O-O 13. Rb1 Qe7 14. Na1 Bxa3 15.
Bxa3 Qxa3 16. Rxb7 Rab8 17. Qb3 Qxb3 18. Rxb3 Nf4 19. Re1 Rxb3 20. Nxb3 Nb4 21.
Nc1 Rb8 22. g3 Nc2 23. Rd1 Nxe2+ 24. Nxe2 Bg4 25. Kg2 { } 1/2-1/2

[Event "XXVII. Abierto de Sevilla"]
[Site "?"]
[Date "2002.01.18"]
[Round "8"]
[White "Estremera Panos, S."]
[Black "Tomas Batet, J."]
[Result "1-0"]
[WhiteElo "2383"]
[BlackElo "2055"]
[PlyCount "43"]
[EventDate "1996.??.??"]

1. d4 Nf6 2. c4 e5 3. dxe5 Ne4 4. a3 Qh4 5. g3 Qh5 6. Nf3 Nc6 7. Qc2 { } 7...
Qf5 $2 (7... Nc5 $16) 8. g4 $6 (8. Nbd2 d5 9. cxd5 $18) 8... Qxg4 9. Nc3 Nxf2 (
9... Nc5) 10. Kxf2 Bc5+ (10... Qxc4) 11. e3 $18 11... O-O 12. Qe4 f5 13. Qd5+
Kh8 14. Qxc5 d6 15. exd6 Bd7 16. Rg1 Qh5 17. dxc7 Rae8 18. Ne2 Qf7 19. Nf4 Qf6
20. Qd5 Be6 21. Qd6 Rf7 22. Qxe6 1-0

[Event "XXVII. Abierto de Sevilla"]
[Site "?"]
[Date "2002.01.18"]
[Round "8"]
[White "Frois, A."]
[Black "Benito Alba, E."]
[Result "1-0"]
[WhiteElo "2354"]
[BlackElo "2026"]
[PlyCount "99"]
[EventDate "1996.??.??"]

1. e4 c6 2. d4 d5 3. Nc3 dxe4 4. Nxe4 Bf5 5. Ng3 Bg6 6. Nf3 Nd7 7. h4 h6 8. h5
Bh7 9. Bd3 Bxd3 10. Qxd3 Qc7 11. Bd2 e6 12. O-O-O Ngf6 13. Kb1 O-O-O 14. c4 c5
15. Qe2 Bd6 16. Ne4 Nxe4 17. Qxe4 Nf6 18. Qe2 Rhe8 19. Bc3 Kb8 20. Ne5 Bxe5 21.
dxe5 Rxd1+ 22. Rxd1 Nd7 23. Rd6 Nb6 24. Qd3 Kc8 25. b3 { } 25... Rd8 (25... Qe7
) 26. Qh7 Rxd6 27. exd6 Qxd6 28. Qg8+ Kc7 29. Qxf7+ Nd7 30. Kc2 Kc6 (30... e5)
31. Bxg7 Ne5 32. Bxe5 Qxe5 33. Qf3+ Kb6 34. g4 Qa1 35. a4 Qa2+ 36. Kd1 Qb2 37.
Ke1 Qe5+ 38. Kf1 Qg5 39. Qe4 Qf6 40. Kg2 a5 41. Qg6 Qe5 42. Qxh6 Qe4+ 43. Kg3
Qe1 44. Qe3 Qg1+ 45. Kh4 Qh2+ 46. Kg5 Qd6 47. Qf4 Qd8+ 48. Qf6 Qg8+ 49. Kh4 Ka7
50. h6 1-0

[Event "XXVII. Abierto de Sevilla"]
[Site "?"]
[Date "2002.01.18"]
[Round "8"]
[White "Paragua, M."]
[Black "Korneev, O."]
[Result "0-1"]
[WhiteElo "2469"]
[BlackElo "2568"]
[PlyCount "120"]
[EventDate "1996.??.??"]

1. e4 e5 2. d4 exd4 3. Qxd4 Nc6 4. Qe3 Nf6 5. Nc3 Bb4 6. Bd2 O-O 7. O-O-O 7...
Re8 { } 8. Qg3 $2 (8. f3) 8... Rxe4 $1 9. a3 Ba5 10. h4 d5 11. f3 Re8 12. h5
Nd4 13. Bd3 c6 (13... c5 14. Bh6 Ng4 15. Bf4 (15. fxg4 gxh6) 15... Ne3 16. Bxe3
Rxe3) 14. Bh6 14... Ne6 $6 (14... Ng4 15. Bf4 Ne3 16. Bxe3 Rxe3 17. h6 g6) 15.
Bxg7 Bc7 16. Bxf6+ Bxg3 17. Bxd8 Rxd8 18. Bf5 $11 18... Be5 19. Nce2 h6 20. Nh3
Nf4 21. Nexf4 Bxf5 22. g4 Bh7 23. Rhg1 Kf8 24. Kb1 Rd6 25. Ng2 Bh2 26. Rh1 Bg3
27. g5 (27. Ngf4) 27... Re8 28. Rd2 Rde6 29. Rhd1 hxg5 30. Nxg5 Rh6 31. Rh1 (
31. Nxh7+ Rxh7 32. Rh1 $15) 31... Bf5 $17 32. f4 f6 33. Nf3 Kf7 34. Nd4 Be4 35.
Rh3 Rg8 36. Re2 a6 37. Rxe4 dxe4 38. Nf5 Rh7 39. Nxg3 Rhg7 40. Nf5 Rxg2 41.
Nh6+ Kf8 42. Nxg8 Rg1+ 43. Ka2 Rxg8 44. f5 44... Rg7 { } 45. Kb1 $6 (45. h6 Rh7
46. Kb3 e3 47. Kc3 e2 48. Kd2 Re7 49. Ke1 Kg8 50. Rg3+) 45... Rg1+ 46. Ka2
46... Kg7 $15 47. Rh4 e3 48. Re4 Rg3 49. Re7+ Kh6 50. Rf7 Kxh5 51. Rxf6 Rf3 52.
Re6 Kg4 53. Kb3 Kxf5 54. Re7 Kf4 55. Kc3 Kg3 56. Rh7 Kf2 57. Rh2+ Ke1 58. Kd4
e2 59. Ke4 Rf2 60. Rh3 Rf1 0-1

[Event "XXVII. Abierto de Sevilla"]
[Site "?"]
[Date "2002.01.18"]
[Round "8"]
[White "Fernandez Romero, E."]
[Black "Suba, M."]
[Result "0-1"]
[WhiteElo "2347"]
[BlackElo "2528"]
[PlyCount "110"]
[EventDate "1996.??.??"]

1. d4 Nf6 2. Bg5 c6 3. Nd2 d5 4. e3 Bf5 5. Bd3 Bg6 6. Ngf3 Nbd7 7. O-O Ne4 8.
Bf4 e6 9. Ne5 Nxe5 10. Bxe5 f6 11. Bf4 Nd6 12. Qe2 Bxd3 13. Qxd3 Nf5 14. c3 g5
15. Bg3 Nxg3 16. fxg3 f5 17. g4 fxg4 18. e4 Qd7 19. exd5 exd5 20. Rae1+ Kd8 21.
Rf5 Bd6 22. Qf1 Bf4 23. Ree5 Re8 24. Rxe8+ Kxe8 25. Qd3 Qe7 26. Nf1 Kd7 27. g3
Bd6 28. Rf2 Re8 29. Qf5+ Kc7 30. Qxg4 h6 31. Qh5 Qe6 32. Qf7+ Kb6 33. Qxe6 Rxe6
34. Kg2 g4 35. h3 gxh3+ 36. Kxh3 a5 37. Kg4 Be7 38. Nh2 a4 39. Nf3 Rg6+ 40. Kh3
Bd6 41. Ne5 Rg5 42. Re2 Kc7 43. g4 Bxe5 44. dxe5 Kd7 45. e6+ 45... Ke7 { } 46.
Kh4 c5 47. Re1 b5 48. b3 a3 49. b4 cxb4 50. cxb4 d4 51. Rd1 Rd5 52. Kg3 d3 53.
Kf4 Kxe6 54. Rd2 Rd4+ 55. Ke3 Ke5 0-1

[Event "XXVII. Abierto de Sevilla"]
[Site "?"]
[Date "2002.01.18"]
[Round "8"]
[White "Romero Garcia, M."]
[Black "Pogorelov, R."]
[Result "0-1"]
[WhiteElo "2166"]
[BlackElo "2460"]
[PlyCount "104"]
[EventDate "1996.??.??"]

1. e4 c5 2. Nf3 e6 3. d4 cxd4 4. Nxd4 Nc6 5. Nxc6 bxc6 6. Bd3 Nf6 7. O-O d5 8.
Bg5 Be7 9. Nd2 O-O 10. Qe2 Nd7 11. Bxe7 Qxe7 12. c4 Bb7 13. Rfe1 d4 14. e5 c5
15. f4 Rab8 16. Rf1 a5 17. Rae1 Ba8 18. b3 a4 19. Bc2 axb3 20. axb3 Rb6 21. Qd3
g6 22. Qh3 f5 23. exf6 Qxf6 24. Qd3 Rfb8 25. Ra1 Qf5 26. Qxf5 gxf5 27. Ra7 Nf6
28. Rfa1 Be4 29. Bd1 R6b7 30. R7a5 Rc7 31. h3 Kf7 32. Kf2 Ke7 33. g4 h6 34. g5
hxg5 35. fxg5 Nd7 36. h4 e5 37. Ra6 Bc6 38. h5 e4 39. Kg3 e3 40. Nf1 $2 (40.
Nf3) 40... f4+ 41. Kg4 d3 42. Nh2 Rf8 43. g6 Ne5+ 44. Kg5 e2 45. Bxe2 dxe2 46.
h6 Nxg6 47. Kxg6 f3 48. Re1 Be4+ 49. Kg5 Rd7 50. h7 Rd1 51. Rf6 Rxe1 52. Rxf8
Bxh7 0-1

[Event "XXVII. Abierto de Sevilla"]
[Site "?"]
[Date "2002.01.18"]
[Round "8"]
[White "Mellado Trivino, J."]
[Black "Barrenechea Bahamonde, G."]
[Result "1-0"]
[WhiteElo "2447"]
[BlackElo "2094"]
[PlyCount "93"]
[EventDate "1996.??.??"]

1. Nf3 c5 2. c4 e6 3. g3 d5 4. Bg2 Nc6 5. O-O Nf6 6. d4 Be7 7. dxc5 Bxc5 8. a3
O-O 9. b4 Be7 10. Bb2 dxc4 11. Qc2 Bd7 12. Qxc4 Rc8 13. Qd3 Qb6 14. Nc3 e5 15.
Ng5 g6 16. Nge4 Be6 17. Na4 Qd8 18. Qb5 Nxe4 19. Bxe4 Qc7 20. Rac1 a6 21. Qb6
f6 22. Qe3 Rfd8 23. Nc5 Bxc5 24. Rxc5 Qd6 25. Rfc1 Qd2 26. Qxd2 Rxd2 27. R5c2
Rcd8 28. Bd3 Rxc2 29. Rxc2 Bh3 30. f3 Nd4 31. Rc7 Nxf3+ 32. Kf2 { } 32... Ng5 (
32... Nxh2 33. g4 Nxg4+ 34. Kg3 b5 35. Bc2 Bf1 36. Kxg4 Bxe2+ 37. Kg3 Bd3) 33.
Rxb7 $16 33... e4 $2 34. Bc4+ Be6 35. Bxf6 Rf8 36. Rg7+ Kh8 37. Rf7+ Kg8 38.
Rxf8+ Kxf8 39. Bxa6 Nf7 40. a4 Nd6 41. Be5 Nc4 42. Bd4 Ke7 43. a5 Kd7 44. Bb7
Bf5 45. a6 Kc7 46. Bd5 e3+ 47. Kf3 1-0

[Event "XXVII. Abierto de Sevilla"]
[Site "?"]
[Date "2002.01.18"]
[Round "8"]
[White "Barrera Martinez, F."]
[Black "De La Cruz, G."]
[Result "0-1"]
[WhiteElo "2066"]
[BlackElo "2264"]
[PlyCount "98"]
[EventDate "1996.??.??"]

1. d4 Nf6 2. Nf3 g6 3. c4 Bg7 4. Nc3 O-O 5. e4 d6 6. Be2 e5 7. O-O Na6 8. Bg5
h6 9. Bh4 Qe8 10. d5 Nh5 11. Nd2 Nf4 12. f3 f5 13. Bf2 Nxe2+ 14. Qxe2 f4 15.
Rab1 h5 16. b4 Qe7 17. a3 g5 18. Na4 Bd7 19. Nb2 g4 20. Rfc1 Bh6 21. Rc3 Rf7
22. Kf1 Rg7 23. Ke1 23... gxf3 { } 24. Nxf3 $2 (24. Qxf3 Bg4 25. Qd3) 24...
Rxg2 25. Kd2 Kh8 26. Rg1 Rag8 27. Rxg2 Rxg2 28. Nd3 Bg4 29. h4 Rh2 30. Nde1 Rh3
31. Kc2 Bg7 32. c5 Nb8 33. cxd6 cxd6 34. Bxa7 Na6 35. Qc4 Bf6 36. Bf2 Qh7 37.
Kb3 Rh1 38. Rc2 b5 39. Qxb5 Qxe4 40. Qe8+ Kg7 41. Ng5 Qxd5+ 42. Ka4 Bxg5 43.
hxg5 Bd1 44. Qd7+ Qf7 45. Qxd6 Rxe1 46. Qh6+ Kg8 47. Qxa6 Bxc2+ 48. Ka5 Qc7+
49. Bb6 Qc6 0-1

[Event "XXVII. Abierto de Sevilla"]
[Site "?"]
[Date "2002.01.19"]
[Round "9"]
[White "Hamdouchi, H."]
[Black "Suba, M."]
[Result "0-1"]
[WhiteElo "2522"]
[BlackElo "2528"]
[PlyCount "70"]
[EventDate "1996.??.??"]

1. e4 c5 2. Nc3 e6 3. Nf3 d6 4. d4 cxd4 5. Nxd4 Nf6 6. Be3 a6 7. g4 h6 8. Qe2
Nc6 9. O-O-O Qa5 10. Bg2 Nxd4 11. Rxd4 e5 12. Ra4 Qd8 13. Nd5 Nxd5 14. exd5 Bd7
15. Ra3 Rc8 16. Kb1 Be7 17. Be4 O-O 18. Rg1 Bg5 19. Bf5 g6 20. Qd2 Bxe3 21.
Rxe3 Kg7 22. Rh3 Rh8 23. Bxd7 Qxd7 24. f4 24... Rc4 { } 25. fxe5 (25. f5 Rd4
26. Rd3) 25... dxe5 26. Rd3 Rxg4 27. Rxg4 Qxg4 28. a3 Rd8 29. Qc3 Qf5 30. d6
Qf6 31. d7 Qe7 32. Qd2 e4 33. Rd4 e3 34. Qc3 Kh7 35. Rd3 35... e2 {  Tiempo}
0-1